00290nam a2200109Ia 4500008004100000100001900041245004400060250000800104260004200112300000800154650001800162191201s2010 xx 000 0 und d aDUTTA, Anirban 0aWinning Strategies Secrets to Clinching aRep aN. DelhibWiley Dreautech Indiac2010 a225 aGeneral Books